000 00770nam a2200229 a 4500
001 BRCA_9141
005 20190320210532.0
008 260318s2017----mx-a######---#000-0#spa-#
020 _a9786074612462
041 _aspa
044 _amx
050 4 _aPQ6351
_b.C93 2017
245 1 0 _a400 [i.e. Cuatrocientos] años de Cervantes en México
_cedición Margarita de Orellana.
260 _aMéxico
_bArtes de México y del Mundo
_c2017
300 _a191 p.
_bil. (algunas a color)
_c30 cm.
500 _aIncluye índice de imágenes
500 _aIncluye obras de la Biblioteca Rogerio Casas Alatriste, Museo Franz Mayer
600 1 4 _aCervantes Saavedra, Miguel de
_d1547-1616
_9213
700 1 _aOrellana, Margarita de
_eed.
_921007
902 _aCERV
942 _2lcc
_cB
999 _c8788
_d8788